-
Punekar, Deodhar and shankaran
Entry Personal Name
Number of records used in: 1
001 - CONTROL NUMBER
003 - CONTROL NUMBER IDENTIFIER
005 - DATE AND TIME OF LATEST TRANSACTION
- control field:
20180227102735.0
008 - FIXED-LENGTH DATA ELEMENTS
- fixed length control field:
180227|| aca||aabn | a|a d
040 ## - CATALOGING SOURCE
- Original cataloging agency:
OSt
- Transcribing agency:
OSt
100 ## - HEADING--PERSONAL NAME
- Personal name:
Punekar, Deodhar and shankaran
670 ## - SOURCE DATA FOUND
- Source citation:
Work cat.: (OSt)3077: Punekar, Deodhar and shankaran, Labour welfare trade unionism and Industrial relations, 2004